000
00292 a2200157 4500
001
162983
020
_a
040
_c
Magnum
100
_a
Furnari, Eva
240
1
0
_a
Truks
_l
por
245
1
0
_a
Truks
362
0
_a
1899
440
1
_a
Ática
697
_a
I/BRUXA, MISTERIO
942
_c
BK
999
_c
162983
_d
162983